| Tag |
First Indicator |
Second Indicator |
Subfields |
| LEADER |
00000cam a2200000 a 4500 |
| 001 |
in00001790321 |
| 005 |
20151025115039.0 |
| 008 |
020426m19939999gw b 001 0 ger |
| 010 |
|
|
|a 95158204
|
| 020 |
|
|
|a 3525304013 (v. 1, pt. 2)
|
| 020 |
|
|
|a 3525304099 (v. 3, pt. 2)
|
| 020 |
|
|
|a 3525304218 (v. 6, pt. 2)
|
| 035 |
|
|
|a (OCoLC)ocm39292712
|
| 040 |
|
|
|a DLC
|c DLC
|d TXA
|d UtOrBLW
|
| 041 |
1 |
|
|a ger
|h grc
|
| 049 |
|
|
|a TXAM
|
| 050 |
0 |
0 |
|a B360
|b .H45 1993
|
| 100 |
0 |
|
|a Plato.
|
| 240 |
1 |
0 |
|a Works.
|l German.
|f 1993
|
| 245 |
1 |
0 |
|a Werke :
|b Übersetzung und Kommentar /
|c Platon ; im Auftrag der Kommission für Klassische Philologie der Akademie der Wissenschaften und der Literatur zu Mainz herausgegeben von Ernst Heitsch und Carl Werner Müller.
|
| 264 |
|
1 |
|a Göttingen :
|b Vandenhoeck & Ruprecht,
|c 1993-
|
| 300 |
|
|
|a volumes ;
|c 25 cm.
|
| 336 |
|
|
|a text
|b txt
|2 rdacontent
|
| 337 |
|
|
|a unmediated
|b n
|2 rdamedia
|
| 338 |
|
|
|a volume
|b nc
|2 rdacarrier
|
| 504 |
|
|
|a Includes bibliographical references and indexes.
|
| 505 |
1 |
|
|a I,2. Apologie des Sokrates -- III, 2. Philebos -- III, 4. Phaidros -- V, 4. Lysis -- VI, 2. Protagoras -- IX, 2. Nomoi (bk. 1-3)
|
| 600 |
0 |
0 |
|a Plato
|v Translations into German.
|
| 650 |
|
0 |
|a Philosophy
|v Early works to 1800.
|
| 700 |
1 |
|
|a Heitsch, Ernst.
|
| 700 |
1 |
|
|a Müller, Carl Werner.
|
| 710 |
2 |
|
|a Akademie der Wissenschaften und der Literatur (Germany).
|b Kommission für Klassische Philologie.
|
| 948 |
|
|
|a cataloged
|b h
|c 2004/1/28
|d c
|e jmarner
|f 10:20:19 am
|
| 994 |
|
|
|a E0
|b TXA
|
| 999 |
|
|
|a MARS
|
| 999 |
f |
f |
|s 9a729075-6351-3503-8f34-0b34c4cb189c
|i 762a6a7c-0e2c-3067-8f33-377ab88f4cfc
|t 0
|
| 952 |
f |
f |
|a Texas A&M University
|b College Station
|c Sterling C. Evans Library
|d Evans: Library Stacks
|t 0
|e B360 .H45 1993
|h Library of Congress classification
|
| 998 |
f |
f |
|a B360 .H45 1993
|s v.1,pt.2
|t 0
|l Evans: Library Stacks
|